000 00670nam a2200229 i 4500
001 bgj
100 1 _aHADFIELD, Jill
_d(1952- ).
245 1 0 _aSimple Reading Activities /
_cJill Hadfield ; Charles Hadfield.
260 _aOxford :
_bOxford University Press,
_c2000.
300 _a67 pp :
_bill. ;
_c27 cm.
490 1 _aOxford Basics
650 9 _aEnglish language
_xStudy and teaching
_xForeign Speakers
650 9 _aReading
700 1 _aHADFIELD, Charles
_d(1952- ).
_eco-author
830 _aOxford Basics
020 _a0194421732
040 _cBPK
041 0 _aeng
920 _a0-19-442173-2
942 _cKS
008 s uk f |000 0 eng
999 _c48260
_d48260
856 _uhttp://koha.tu.koszalin.pl/cgi-bin/koha/opac-detail.pl?biblionumber=48260
_yKatalog online BPK